| 000 | 00601cam a2200217ua 4500 | ||
|---|---|---|---|
| 001 | 10311 | ||
| 008 | 160304n2008 II |||gr||||Z||||||eng | ||
| 040 | _aMAIN | ||
| 041 | _aEnglish | ||
| 082 | _a580 DAS | ||
| 100 | _aDAS, KARUNA KANTA. | ||
| 245 | _aUCHATTAR MADHYAMIK PRATHAMIK JIBA BIDYA (For XII) Vol-2 | ||
| 250 | _a7TH REV. | ||
| 260 |
_aGUWAHATI _bBINA LIBRARY _c2008 |
||
| 300 |
_a691: _c24CM. |
||
| 500 | _aTransferred to Sanaskriti Junior College, SGC | ||
| 653 | _aPlants (Botany) | ||
| 700 |
_aDAS, KARUNA KANTA., _eAuthor. |
||
| 700 | _aCHAKRAVARTY, DR. ANUP KUMAR. | ||
| 942 | _cBK | ||
| 999 |
_c10282 _d10282 |
||